00496nam a2200157Ia 4500008004000000082001300040100001100053245002300064260006200087300000700149650001200156690001700168906001100185999001700196952012500213210210b1990 xxu||||| |||| 00| 0 eng d a366 ALLP aAICUF. aProgress of ideas. aMadras.bAll India Catholic University Federation.,c1990 a48 aAICUF  aAssociations a044648 c94241d94241 001040708Social WorkaALbALcSocial Workd2021-02-17g0.00l0o366 ALLPp044648r2021-02-17 00:00:00w2021-02-17yBK